Diseases of hatchery fish
Uloženo v:
| Hlavní autor: | |
|---|---|
| Médium: | Kniha |
| Jazyk: | Undetermined |
| Vydáno: |
USA
The Dingell Johnson
1991
|
| Témata: | |
| Tagy: |
Přidat tag
Žádné tagy, Buďte první, kdo otaguje tento záznam!
|
| Thư viện lưu trữ: | Trung tâm Học liệu Trường Đại học Cần Thơ |
|---|
| LEADER | 00505nam a2200193Ia 4500 | ||
|---|---|---|---|
| 001 | CTU_150775 | ||
| 008 | 210402s9999 xx 000 0 und d | ||
| 082 | |a 639.96 | ||
| 082 | |b W289 | ||
| 100 | |a Warren, James W. | ||
| 245 | 0 | |a Diseases of hatchery fish | |
| 245 | 0 | |c James W. Warren | |
| 260 | |a USA | ||
| 260 | |b The Dingell Johnson | ||
| 260 | |c 1991 | ||
| 650 | |a Fishes,Cá | ||
| 650 | |x Diseases,Bệnh | ||
| 904 | |i Trọng Hải | ||
| 980 | |a Trung tâm Học liệu Trường Đại học Cần Thơ | ||